Teoría y análisis de la cultura /

Gardado en:
Detalles Bibliográficos
Autor Principal: Giménez, Gilberto (autor)
Outros autores: Fábregas Puig, Andrés (prólogo) (prólogo), Martínez y Martínez, Enrique (presentación) (presentación), Flores Dávila, Rosa del Tepeyac (presentación) (presentación), Mac Gregor Campuzano, José Antonio (presentación) (presentación)
Formato: Libro
Idioma:Lingua castelá
Publicado: México : Saltillo, México : CONACULTA ; Gobierno del Estado de Coahuila, Instituto Coahuilense de Cultura, 2005, c2005
Series:(Intersecciones CONACULTA ; 5)
(Intersecciones CONACULTA ; 6)
Temas:
Etiquetas: Engadir etiqueta
Sen Etiquetas, Sexa o primeiro en etiquetar este rexistro!

MARC

LEADER 00000nam^a2200000^a^4500
001 000187370
005 20250521000000.0
009 20260310102258.221
020 |a 970-35-0950-9 
020 |a 970-35-0951-7 
020 |a 970-35-0758-1 
037 |a Acervo ITESO - Biblioteca 
041 |a ESP 
082 |a 306. 4  |b INT. V. 5-6 
100 |a Giménez, Gilberto  |e (autor) 
240 1 1 |a [Teoría y análisis de la cultura] 
245 1 0 |a Teoría y análisis de la cultura /  |c G. Giménez ; pról. de A. Fábregas Puig ; presen. de E. Martínez y Martínez, R.T. Flores Dávila, J.A. Mac Gregor Campuzano. 
264 4 |a México :  |b CONACULTA ;  |a Saltillo, México :  |b Gobierno del Estado de Coahuila, Instituto Coahuilense de Cultura,  |c 2005, c2005 
300 |a 2 v. (450, 367 p.) 
336 |a texto  |b txt  |2 rdacontenido 
337 |a sin mediación  |b n  |2 rdamedio 
338 |a volumen  |b nc  |2 rdasoporte 
440 1 |a (Intersecciones CONACULTA ;  |v 5) 
440 1 |a (Intersecciones CONACULTA ;  |v 6) 
521 |a 2012 BO Licenciatura en Ciencias de la Comunicación 
521 |a 2012 BO Licenciatura en Comunicación y Artes Audiovisuales 
521 |a 2012 BO Licenciatura en Periodismo y Comunicación Pública 
521 |a 2012 BO Licenciatura en Publicidad y Comunicación Estratégica 
521 |a 2004 BO Licenciatura en Ciencias de la Educación 
649 |a XX 
650 |a Cultura -  |x Teoría 
650 |a Cultura -  |x Investigación -  |x Metodología 
650 |a Cultura de Masas 
650 |a Cultura Popular 
650 |a Identidad Cultural 
650 |a Diferencia y Otredad 
650 |a Memoria Social 
650 |a Simbolismo 
650 |a Antropología Cultural 
650 |a Sociología de la Cultura 
700 |a Fábregas Puig, Andrés  |e (prólogo) 
700 |a Martínez y Martínez, Enrique  |e (presentación) 
700 |a Flores Dávila, Rosa del Tepeyac  |e (presentación) 
700 |a Mac Gregor Campuzano, José Antonio  |e (presentación) 
910 |a Fondo General 
920 |a Impresos - Libros 
930 |a Colección General 
905 |a 101 
901 |a 0500129642  |b IT1  |c ACC  |u 20250521 
901 |a 0500142244  |b IT1  |c ACC  |u 20250521 
901 |a 0500142250  |b IT1  |c ACC  |u 20250521 
901 |a 0500142287  |b IT1  |c ACC  |u 20250521 
902 |a https://opac.biblio.iteso.mx/vufind/Record/000187370